[Event "FISCA Online op"]
[Site "Chess.com INT"]
[Date "2020.06.28"]
[Round "9"]
[White "Radu, Luca Ioan"]
[Black "Aaditya, Anand"]
[Result "1-0"]
[WhiteElo "1473"]
[BlackElo "1020"]
[PlyCount "141"]
[EventDate "2020.06.19"]
[EventType "swiss"]
[EventRounds "9"]
[EventCountry "ROU"]
[SourceTitle "CBM 197 Extra"]
[Source "ChessBase"]
[SourceDate "2020.09.30"]
[SourceVersion "1"]
[SourceVersionDate "2020.09.30"]
[SourceQuality "1"]

1. d4 d5 2. e3 Nf6 3. Bd3 e6 4. f4 c5 5. c3 Nc6 6. Nf3 Be7 7. 0-0 0-0 8. Nbd2 b6 9. Ne5 Bb7 10. Rf3 Nxe5 11. fxe5 Ne4 12. Rh3 f5 13. Bxe4 fxe4 14. Qh5 h6 15. Qg6 Bg5 16. Qxe6+ Rf7 17. b4 Bc8 18. Qc6 Bxh3 19. gxh3 Bxe3+ 20. Kh1 Rc8 21. Qe6 Qe8 22. Qxd5 cxd4 23. cxd4 Rxc1+ 24. Rxc1 Bxd2 25. Rf1 Bxb4 26. Kg2 e3 27. Qc4 Bd2 28. Rf3 b5 29. Qd3 Rxf3 30. Kxf3 Qf7+ 31. Kg4 Qe6+ 32. Kg3 Be1+ 33. Kf4 g5+ 34. Ke4 Qxh3 35. Qxb5 Qg2+ 36. Kf5 Qf3+ 37. Kg6 e2 38. Qc4+ Kf8 39. Qc5+ Kg8 40. Qc8+ Qf8 41. Qc4+ Kh8 42. Qxe2 Qg7+ 43. Kh5 Bb4 44. Qa6 Bf8 45. Qe6 Qg8 46. Qxg8+ Kxg8 47. Kg6 Bg7 48. e6 Kf8 49. e7+ Kxe7 50. Kxg7 h5 51. Kg6 g4 52. Kxh5 Kf6 53. Kxg4 a5 54. a4 Kg6 55. h4 Kf6 56. h5 Kg7 57. Kg5 Kg8 58. Kg6 Kh8 59. d5 Kg8 60. d6 Kf8 61. h6 Ke8 62. h7 Kd7 63. h8Q Kxd6 64. Qh5 Kc6 65. Qxa5 Kd6 66. Qb5 Kc7 67. a5 Kd6 68. a6 Kc7 69. a7 Kd6 70. a8Q Kc7 71. Qbc6# 1-0

[Event "FISCA Online op"]
[Site "Chess.com INT"]
[Date "2020.06.27"]
[Round "8"]
[White "Arhan, Chethan Anand"]
[Black "Radu, Luca Ioan"]
[Result "1-0"]
[WhiteElo "1979"]
[BlackElo "1473"]
[PlyCount "47"]
[EventDate "2020.06.19"]
[EventType "swiss"]
[EventRounds "9"]
[EventCountry "ROU"]
[SourceTitle "CBM 197 Extra"]
[Source "ChessBase"]
[SourceDate "2020.09.30"]
[SourceVersion "1"]
[SourceVersionDate "2020.09.30"]
[SourceQuality "1"]

1. d4 d5 2. Nc3 Nf6 3. Bf4 Bf5 4. f3 c6 5. e3 e6 6. g4 Bg6 7. h4 h6 8. Bd3 Bxd3 9. Qxd3 Bd6 10. Nge2 Bxf4 11. Nxf4 Nbd7 12. 0-0-0 Qc7 13. g5 hxg5 14. hxg5 Rxh1 15. Rxh1 Ng8 16. Qh7 0-0-0 17. Qxg7 Rf8 18. g6 Ndf6 19. Qxf8+ Qd8 20. Qxd8+ Kxd8 21. gxf7 Ke7 22. fxg8Q Nxg8 23. Rh7+ Kf6 24. Rxb7 1-0

[Event "FISCA Online op"]
[Site "Chess.com INT"]
[Date "2020.06.26"]
[Round "7"]
[White "Radu, Luca Ioan"]
[Black "Sofronie, Vladimir"]
[Result "1/2-1/2"]
[WhiteElo "1473"]
[BlackElo "1187"]
[PlyCount "76"]
[EventDate "2020.06.19"]
[EventType "swiss"]
[EventRounds "9"]
[EventCountry "ROU"]
[SourceTitle "CBM 197 Extra"]
[Source "ChessBase"]
[SourceDate "2020.09.30"]
[SourceVersion "1"]
[SourceVersionDate "2020.09.30"]
[SourceQuality "1"]

1. d4 e6 2. e3 c5 3. Bd3 b6 4. f4 Bb7 5. Nf3 f5 6. 0-0 Nf6 7. c3 Be7 8. Ne5 0-0 9. Nd2 Ne4 10. Qc2 d5 11. Rf3 Rf6 12. Rh3 Nc6 13. Nxe4 fxe4 14. Bxe4 dxe4 15. Qxe4 h6 16. Nxc6 Bxc6 17. Qxc6 cxd4 18. exd4 Rc8 19. Qe4 b5 20. Be3 b4 21. Bf2 bxc3 22. bxc3 Qb6 23. Rb1 Qa5 24. Bh4 Rf7 25. Qxe6 Rxc3 26. Rxc3 Qxc3 27. Rb8+ Bf8 28. Qd5 Qc1+ 29. Kf2 Qxf4+ 30. Ke2 Qxh4 31. Rb7 Qf2+ 32. Kd3 Qf1+ 33. Kc3 Qc1+ 34. Kd3 Qf1+ 35. Kc3 Qe1+ 36. Kd3 Qd1+ 37. Kc3 Qc1+ 38. Kd3 Qf1+ 1/2-1/2

[Event "FISCA Online op"]
[Site "Chess.com INT"]
[Date "2020.06.23"]
[Round "5"]
[White "Radu, Luca Ioan"]
[Black "Echimescu, Otilia Elena"]
[Result "1-0"]
[WhiteElo "1473"]
[BlackElo "1061"]
[PlyCount "47"]
[EventDate "2020.06.19"]
[EventType "swiss"]
[EventRounds "9"]
[EventCountry "ROU"]
[SourceTitle "CBM 197 Extra"]
[Source "ChessBase"]
[SourceDate "2020.09.30"]
[SourceVersion "1"]
[SourceVersionDate "2020.09.30"]
[SourceQuality "1"]

1. d4 d6 2. e3 Nf6 3. Bd3 g6 4. f4 Bg7 5. Nf3 0-0 6. 0-0 c6 7. c3 Nbd7 8. Nbd2 Qc7 9. Ne4 e5 10. fxe5 dxe5 11. Nxf6+ Bxf6 12. Bc4 b5 13. Bb3 a5 14. a3 Rb8 15. e4 b4 16. axb4 axb4 17. Bh6 Rd8 18. Ng5 Bxg5 19. Bxf7+ Kh8 20. Bxg5 bxc3 21. bxc3 Rf8 22. Qf3 Qb7 23. Bf6+ Nxf6 24. Qxf6# 1-0

[Event "Hannibal Online op U14"]
[Site "Chess.com INT"]
[Date "2020.06.05"]
[Round "5"]
[White "Moise, Mihai Alexandru"]
[Black "Radu, Luca Ioan"]
[Result "0-1"]
[WhiteElo "1211"]
[BlackElo "1473"]
[PlyCount "90"]
[EventDate "2020.06.01"]
[EventType "swiss"]
[EventRounds "9"]
[EventCountry "MDA"]
[SourceTitle "CBM 196 Extra"]
[Source "ChessBase"]
[SourceDate "2020.07.31"]
[SourceVersion "1"]
[SourceVersionDate "2020.07.31"]
[SourceQuality "1"]

1. d4 d5 2. c4 c6 3. cxd5 cxd5 4. Nc3 Nc6 5. Nf3 Nf6 6. Bf4 Qb6 7. Na4 Qb5 8. Bd2 Qa6 9. e3 b5 10. Nc3 Qb6 11. Bxb5 Ba6 12. Qa4 Bxb5 13. Qxb5 Qxb5 14. Nxb5 Rb8 15. a4 Kd7 16. Rb1 e6 17. b3 Ne4 18. Nc3 Nxd2 19. Nxd2 Bb4 20. Na2 Na5 21. Nxb4 Rxb4 22. Ke2 Rhb8 23. Nf3 f6 24. g4 Nxb3 25. g5 Nxd4+ 26. Nxd4 Rxb1 27. Rxb1 Rxb1 28. gxf6 gxf6 29. Nb5 a6 30. Nc3 Rb2+ 31. Kf3 Rb3 32. Ne2 Ra3 33. Nd4 Rxa4 34. Nb3 Rc4 35. Na5 Rb4 36. Ke2 Rb5 37. Nc4 dxc4 38. Kd2 Rb3 39. Kc2 a5 40. h4 a4 41. h5 a3 42. h6 a2 43. e4 a1Q 44. f4 Qa2+ 45. Kd1 Rb1# 0-1

[Event "ROM-ch U14"]
[Site "Calimanesti Caciulata"]
[Date "2019.04.21"]
[Round "8"]
[White "Vasile, Bogdan Mihai"]
[Black "Radu, Luca Ioan"]
[Result "0-1"]
[WhiteElo "1322"]
[BlackElo "1366"]
[PlyCount "150"]
[EventDate "2019.04.15"]
[EventType "swiss"]
[EventRounds "9"]
[EventCountry "ROU"]
[SourceTitle "CBM 190 Extra"]
[Source "ChessBase"]
[SourceDate "2019.07.15"]
[SourceVersion "1"]
[SourceVersionDate "2019.07.15"]
[SourceQuality "1"]

1. d4 d5 2. c4 c6 3. e3 Nf6 4. Nc3 e6 5. f4 Bb4 6. Nf3 Nbd7 7. Bd3 dxc4 8. Bxc4 Nd5 9. Bd2 N7f6 10. 0-0 Bxc3 11. bxc3 Ne4 12. Bd3 Ndxc3 13. Bxc3 Nxc3 14. Qc2 Nd5 15. Qe2 f5 16. Ne5 0-0 17. Rf3 Nf6 18. Rh3 Bd7 19. g4 g6 20. g5 Nh5 21. Qf2 Be8 22. Be2 Kg7 23. Bxh5 gxh5 24. Rf1 Bg6 25. Qf3 Qd5 26. a4 Rac8 27. Rc1 Rfd8 28. Rc5 Qxf3 29. Rxf3 Rd5 30. Rf1 Kf8 31. Rb1 Rc7 32. Rbb5 Ke7 33. Rxd5 exd5 34. Rb3 Kd6 35. h4 Re7 36. Kf2 Kc7 37. a5 Be8 38. Ke2 b6 39. Nd3 Bd7 40. axb6+ axb6 41. Ra3 Kb7 42. Kd2 Be8 43. Ra2 Bf7 44. Ra3 Re8 45. Ne5 Bg6 46. Kd3 Re7 47. Ra2 Be8 48. Ra3 Bg6 49. Ra7+ Kxa7 50. Nxc6+ Ka6 51. Nxe7 Bf7 52. Kc3 Be6 53. Kb4 Kb7 54. g6 hxg6 55. Nxg6 Bf7 56. Ne5 Be8 57. Nd3 Ka7 58. Kb3 Kb7 59. Kc3 Kc7 60. Kd2 Kd6 61. Ke2 Bb5 62. Kd2 Bxd3 63. Kxd3 Kc6 64. Kc3 Kb5 65. Kb3 Ka5 66. Ka3 b5 67. Kb3 b4 68. e4 dxe4 69. d5 Kb5 70. d6 Kc6 71. Kxb4 Kxd6 72. Kc4 Kc6 73. Kd4 Kb5 74. Ke3 Kc4 75. Ke2 Kd4 0-1

[Event "ROM-ch U14"]
[Site "Calimanesti Caciulata"]
[Date "2019.04.15"]
[Round "1"]
[White "Antal, Hunor Zoltan"]
[Black "Radu, Luca Ioan"]
[Result "1-0"]
[WhiteElo "1828"]
[BlackElo "1366"]
[PlyCount "95"]
[EventDate "2019.04.15"]
[EventType "swiss"]
[EventRounds "9"]
[EventCountry "ROU"]
[SourceTitle "CBM 190 Extra"]
[Source "ChessBase"]
[SourceDate "2019.07.15"]
[SourceVersion "1"]
[SourceVersionDate "2019.07.15"]
[SourceQuality "1"]

1. d4 d5 2. c4 c6 3. Nf3 Nf6 4. Nc3 e6 5. Bg5 Be7 6. e3 0-0 7. cxd5 cxd5 8. Bd3 Nc6 9. Rc1 a6 10. h3 Bd7 11. 0-0 h6 12. Bf4 Rc8 13. Ne5 b5 14. Qf3 Na5 15. e4 dxe4 16. Nxe4 Nd5 17. Bd2 Nc6 18. Nxc6 Bxc6 19. Qg3 Bh4 20. Qd6 Ne7 21. Bb4 Bxe4 22. Bxe4 Qxd6 23. Bxd6 Rfd8 24. Rxc8 Nxc8 25. Bc5 a5 26. Bc6 b4 27. Rc1 Ne7 28. Be4 Nd5 29. Kf1 f5 30. Bf3 Bg5 31. Rc2 Kf7 32. g3 Rd7 33. Ke2 Bd8 34. Kd3 Bb6 35. Bxd5 Bxc5 36. Bxe6+ Kxe6 37. Rxc5 Rd5 38. Kc4 Rxc5+ 39. Kxc5 Kd7 40. Kb5 Kd6 41. Kxa5 b3 42. axb3 Kd5 43. b4 Kxd4 44. b5 Kc5 45. b4+ Kd6 46. b6 Kd7 47. Ka6 Kc8 48. Ka7 1-0